Enjeux du soin en obésité : corps en perte face aux agonistes du GLP-1 (notice n° 1838490)
[ vue normale ]
| 000 -LEADER | |
|---|---|
| fixed length control field | 01072cam a2200157 4500500 |
| 005 - DATE AND TIME OF LATEST TRANSACTION | |
| control field | 20260329004919.0 |
| 041 ## - LANGUAGE CODE | |
| Language code of text/sound track or separate title | fre |
| 042 ## - AUTHENTICATION CODE | |
| Authentication code | dc |
| 100 10 - MAIN ENTRY--PERSONAL NAME | |
| Personal name | Willems Federici, David |
| Relator term | author |
| 245 00 - TITLE STATEMENT | |
| Title | Enjeux du soin en obésité : corps en perte face aux agonistes du GLP-1 |
| 260 ## - PUBLICATION, DISTRIBUTION, ETC. | |
| Date of publication, distribution, etc. | 2026.<br/> |
| 500 ## - GENERAL NOTE | |
| General note | 9 |
| 520 ## - SUMMARY, ETC. | |
| Summary, etc. | Dans un contexte où la profession est traversée par de profonds mouvements idéologiques, démographiques et institutionnels, cet article vient questionner la consistance épistémologique de la notion de « jeune psychologue ». Sous une plume réflexive et non sans ironie, l’auteur se penche sur la façon dont les récits récurrents et autres représentations construisent une réalité qui vient influencer tant les pratiques que l’identité professionnelle et les trajectoires des psychologues aujourd’hui. |
| 786 0# - DATA SOURCE ENTRY | |
| Note | Le Journal des psychologues | Hors-série | HS7 | 2026-02-13 | p. 18-23 | 0752-501X |
| 856 41 - ELECTRONIC LOCATION AND ACCESS | |
| Uniform Resource Identifier | <a href="https://shs.cairn.info/revue-le-journal-des-psychologues-2026-hs7-page-18?lang=fr&redirect-ssocas=7080">https://shs.cairn.info/revue-le-journal-des-psychologues-2026-hs7-page-18?lang=fr&redirect-ssocas=7080</a> |
Pas d'exemplaire disponible.




Réseaux sociaux